000 00298nam a2200133 i 4500
001 bg
100 1 _aKIREEV, P. S.
245 0 _aFizika poluprovadnikov /
_cP.S. Kireev.
260 _aMoskva,
_c1975.
040 _cBPK
041 _apol
942 _cKS
008 s pl f |000 0 pol
999 _c16186
_d16186
856 _uhttp://koha.tu.koszalin.pl/cgi-bin/koha/opac-detail.pl?biblionumber=16186
_yKatalog online BPK